Movies Quiz

Random Movies or Letter Quiz

Pick the Word - 'A' Movies Quiz Stats

 Plays Quiz Updated Mar 19, 2019

Score 0/25 Timer 05:00
6 Plays Today
Question Answer Wrong Answers
All Dogs ___ to Heaven
1989
Go
97.9%
Monopoly
0.1%
Sorry
0.1%
Trouble
0.2%
Air ___ One
1997
Force
97.5%
Velocity
0.4%
Acceleration
0.2%
Momentum
0.2%
Against All ___
1984
Odds
97.2%
Evens
0.4%
Primes
0.4%
Integers
0.2%
Ace ___: Pet Detective
1994
Ventura
96.2%
Irvine
0.7%
Fresno
0.9%
Sacramento
0.6%
Addicted to ___
1997
Love
96.2%
Advantage
0.4%
Game
1.1%
Fault
0.4%
About a ___
2002
Boy
95.9%
War
1.8%
Zooropa
0.2%
Pop
0.4%
Annie ___
1977
Hall
94.8%
Study
0.6%
Lounge
1.3%
Kitchen
1.3%
Above ___
1943
Suspicion
92.5%
Psycho
2.1%
Frenzy
1.7%
Rope
1.7%
Agent ___ Banks
2003
Cody
92%
Zack
1.5%
Dylan
2.2%
Cole
2.5%
Anchorman: The Legend of Ron ___
2004
Burgundy
91.5%
Merlot
2.6%
Malbec
2.2%
Cabernet
1.9%
Alpha ___
2006
Dog
91.4%
Dragon
3%
Rooster
1%
Monkey
2.7%
Anatomy of a ___
1959
Murder
90.5%
Arson
1.7%
Embezzlement
0.9%
Kidnapping
4.9%
Animal ___
1978
House
90.3%
Empire
5.3%
Bones
2.4%
Glee
0.2%
American ___
2013
Hustle
90%
Tango
6%
Waltz
1.7%
Cha-Cha
0.5%
After ___
2013
Earth
83.3%
Wind
2%
Fire
10.9%
Water
1.8%
Arthur ___
2011
Christmas
82.3%
Halloween
3.6%
Easter
7.2%
Thanksgiving
4.9%
Angel ___
1987
Heart
80.6%
Head
2.4%
Hands
14.2%
Health
0.7%
Anna and the ___
1999
King
78.9%
Queen
12.8%
Jack
2.2%
Ace
4.2%
Adam's ___
1949
Rib
77.9%
Jaw
8.2%
Lip
4.9%
Leg
6.9%
August ___
2007
Rush
74.2%
Kiss
17.9%
Blur
5%
Toto
0.8%
Arsenic and Old ___
1944
Lace
73%
Corduroy
4.5%
Velvet
12.3%
Satin
8.1%
After ___
2000
Alice
72.9%
Ralph
6.3%
Trixie
2.9%
Ed
15.7%
Apt ___
1998
Pupil
62.7%
Lens
14.8%
Retina
7%
Iris
13.3%
Akeelah and the ___
2006
Bee
62.3%
Sea
24.6%
Pea
9.8%
Tea
1.3%
Albino ___
1996
Alligator
43.3%
Iguana
9.7%
Crocodile
31%
Lizard
13.8%

You're not logged in!

Compare scores with friends on all Sporcle quizzes.
OR
Log In

Sporcle TV

Today on Sporcle TV


Watch our educational content, quiz creation guides, and fun videos on Sporcle TV.

Show Comments

Extras

Top Quizzes Today


Score Distribution

Your Account Isn't Verified!

In order to create a playlist on Sporcle, you need to verify the email address you used during registration. Go to your Sporcle Settings to finish the process.

Report this User

Report this user for behavior that violates our Community Guidelines.

Details: